| 000 | 00000nam##2200000za#4500 |
| 001 | 9.698466 |
| 003 | CaOODSP |
| 005 | 20210624235936 |
| 007 | cr ||||||||||| |
| 008 | 150407|1996||||xxc|||||o f|0| 0 eng|d |
| 040 | |aCaOODSP|beng |
| 043 | |an-cn--- |
| 086 | 1 |aF2-97/1-1996E-PDF |
| 110 | 1 |aCanada.|bDepartment of Finance.|bMinister of Finance. |
| 245 | 10|aNotice of ways and means motion to amend the Income Tax Act, the Income Tax Application Rules and another Act related to the Income Tax Act |h[electronic resource] |
| 260 | |aOttawa - Ontario : |bFinance Canada. |c[1996]. |
| 300 | |a132p. |
| 520 | 3 |a"These amendments implement certain measures announced in the Budget of March 6, 1996 as well as Income Tax Act amendments released on March 5, 1996 concerning foreign reporting."--Summary, p.3 of 132. |
| 590 | |a13-22-Supp|b2013-09-26 |
| 690 | 07|aIncome tax|2gcpds |
| 690 | 07|aLegislation|2gcpds |
| 775 | 08|tAvis de motion des voies et moyens visant à modifier la Loi de l'impôt sur le revenu, les Règles concernant l'application de l'impôt sur le revenu et une loi liée à la Loi de l'impôt sur le revenu |w(CaOODSP)9.642474 |
| 776 | 0#|tNotice of ways and means motion to amend the Income Tax Act, the Income Tax Application Rules and another Act related to the Income Tax Act |w(CaOODSP)9.659319 |
| 776 | 0#|tAvis de motion des voies et moyens visant à modifier la Loi de l'impôt sur le revenu, les Règles concernant l'application de l'impôt sur le revenu et une loi liée à la Loi de l'impôt sur le revenu |w(CaOODSP)9.659320 |
| 856 | 40|ahttp://publications.gc.ca|qPDF|s401 KB|uhttps://publications.gc.ca/collections/Collection/F2-97-1-1996E.pdf |